Čo nám ukazujú PIAAC testy o zručnostiach absolventov a kvalite vysokých škôl na Slovensku?

Kvalitu vysokých škôl na Slovensku je možné hodnotiť pomocou rôznych ukazovateľov a jedným z nich sú aj zručnosti vysokoškolsky vzdelaných absolventov. Kvalita vzdelávania by sa mala priamo odzrkadľovať na úrovni praktických kompetencií, či schopnosti uplatniť sa na trhu práce. Zaoberanie sa najnovš...

Descrizione completa

Salvato in:
Dettagli Bibliografici
Autore principale: Pelošjan, Dávid
Natura: Capitolo di libro
Lingua:slovacco
Soggetti:
Tags: Aggiungi Tag
Nessun Tag, puoi essere il primo ad aggiungerne!!

MARC

LEADER 00000naa a2200000 4500
001 0314499
005 20260123100358.8
041 0 |a slo 
044 |a SK 
245 1 0 |a Čo nám ukazujú PIAAC testy o zručnostiach absolventov a kvalite vysokých škôl na Slovensku?  |c Dávid Pelošjan 
520 |a Kvalitu vysokých škôl na Slovensku je možné hodnotiť pomocou rôznych ukazovateľov a jedným z nich sú aj zručnosti vysokoškolsky vzdelaných absolventov. Kvalita vzdelávania by sa mala priamo odzrkadľovať na úrovni praktických kompetencií, či schopnosti uplatniť sa na trhu práce. Zaoberanie sa najnovšími výsledkami PIAAC testov, ktoré boli zverejnené v decembri 2024. V testoch sa hodnotili tri kompetencie: čitateľská gramotnosť, matematická gramotnosť a schopnosť adaptívne riešiť problémy. 
610 2 0 |a kvalita vzdelávania 
610 2 0 |a školy vysoké 
610 2 0 |a univerzity 
610 2 0 |a Slovensko 
610 2 0 |a testy 
610 2 0 |a gramotnosť 
100 1 |a Pelošjan, Dávid